A gyermek lelki fejlődése
Elmentve itt :
| Szerző: | |
|---|---|
| Dokumentumtípus: | Cikk |
| Megjelent: |
1938
|
| Sorozat: | A cselekvés iskolája
6 |
| Kulcsszavak: | Gyermeklélektan |
| Tárgyszavak: | |
| Online Access: | http://acta.bibl.u-szeged.hu/33706 |
| LEADER | 00624nab a2200193 i 4500 | ||
|---|---|---|---|
| 001 | acta33706 | ||
| 005 | 20231025152044.0 | ||
| 008 | 161017s1938 hu o 0|| hun d | ||
| 040 | |a SZTE Egyetemi Kiadványok Repozitórium |b hun | ||
| 041 | |a hun | ||
| 100 | 1 | |a Molnár János | |
| 245 | 1 | 2 | |a A gyermek lelki fejlődése |h [elektronikus dokumentum] / |c Molnár János |
| 260 | |c 1938 | ||
| 300 | |a 19-27 | ||
| 490 | 0 | |a A cselekvés iskolája |v 6 | |
| 650 | 4 | |a Társadalomtudományok | |
| 650 | 4 | |a Oktatástudomány | |
| 695 | |a Gyermeklélektan | ||
| 856 | 4 | 0 | |u http://acta.bibl.u-szeged.hu/33706/1/cselekves_006_019-027.pdf |z Dokumentum-elérés |